अमरचन्द्र सूरिकृत : बाल भारत : (Record no. 120170)

MARC details
000 -LEADER
fixed length control field 01423nam a22002777a 4500
003 - CONTROL NUMBER IDENTIFIER
control field dpl
005 - DATE AND TIME OF LATEST TRANSACTION
control field 20181227160356.0
008 - FIXED-LENGTH DATA ELEMENTS--GENERAL INFORMATION
fixed length control field 181227b ||||| |||| 00| 0 eng d
010 ## - LIBRARY OF CONGRESS CONTROL NUMBER
LC control number B-075727, B-075731
020 ## - INTERNATIONAL STANDARD BOOK NUMBER
Terms of availability 750.00
International Standard Book Number 8187566418
035 ## - SYSTEM CONTROL NUMBER
System control number B-075727, B-075731
037 ## - SOURCE OF ACQUISITION
Source of stock number/acquisition Cen Lib/Ret
040 ## - CATALOGING SOURCE
Original cataloging agency DPL
Language of cataloging HN
Transcribing agency 0
082 ## - DEWEY DECIMAL CLASSIFICATION NUMBER
Classification number 821.08
Item number सिंहपु
100 ## - MAIN ENTRY--PERSONAL NAME
Personal name सिंह, पुष्पा
9 (RLIN) 88890
245 ## - TITLE STATEMENT
Title अमरचन्द्र सूरिकृत : बाल भारत :
Statement of responsibility, etc पुष्पा सिंह
Remainder of title एक साहित्यिक एवं सामाजिक अनुशीलन /
246 ## - VARYING FORM OF TITLE
Title proper/short title Amarchandrasurikrit : balbharat : ek sahityik ewam samajik anusheelan /
Remainder of title by Pushpa Singh
260 ## - PUBLICATION, DISTRIBUTION, ETC. (IMPRINT)
Place of publication, distribution, etc वाराणसी
Name of publisher, distributor, etc कला प्रकाशन
Date of publication, distribution, etc 2001
270 ## - ADDRESS
City वाराणसी
Address बी.33/33-ए-1, न्यू साकेत कालोनी, बी.एच.यू
Postal code 221005
300 ## - PHYSICAL DESCRIPTION
Extent iii,387पृ.
Dimensions 21सेमी(सजिल्द)
650 ## - SUBJECT ADDED ENTRY--TOPICAL TERM
Topical term or geographic name as entry element हिन्दी -- काव्य का विषय
9 (RLIN) 51888
650 ## - SUBJECT ADDED ENTRY--TOPICAL TERM
Topical term or geographic name as entry element हिन्दी -- बालभारत का तुलनात्मक समीक्षण
9 (RLIN) 88891
650 ## - SUBJECT ADDED ENTRY--TOPICAL TERM
Topical term or geographic name as entry element Hindi - the subject of poetry
9 (RLIN) 88892
650 ## - SUBJECT ADDED ENTRY--TOPICAL TERM
Topical term or geographic name as entry element Hindi - Balbhaarat comparative Smikshn
9 (RLIN) 88893
942 ## - ADDED ENTRY ELEMENTS (KOHA)
Source of classification or shelving scheme Dewey Decimal Classification
Koha item type Hindi Books
Classification part 821.08
Call number suffix सिंहपु
Holdings
Withdrawn status Lost status Damaged status Not for loan Home library Current library Date acquired Source of acquisition Cost, normal purchase price Total Checkouts Full call number Barcode Date last seen Copy number Cost, replacement price Price effective from Koha item type Source of classification or shelving scheme Collection code Public note
        Central Library Central Library 21/09/2015 Cen Lib/Ret 750.00   821.08 सिंहपु B-075727 21/09/2015 1 750.00 21/09/2015 Hindi Books      
        Sarojini Nagar Sarojini Nagar 18/10/2021       821.08 सिंहपु B-075729 18/10/2021   750.00 18/10/2021 Hindi Books Dewey Decimal Classification Non-fiction Withdrawn List Prepared List No.38/14
        Shahdara Branch Shahdara Branch 27/12/2018 BPPD/PUB 750.00   821.08 सिंहपु B-075731 27/12/2018   750.00 27/12/2018 Hindi Books Dewey Decimal Classification Non-fiction  

© Delhi Public Library
Hit Counter
free hit counter